000 01480nam a2200301 a 4500
001 645
003 MYCC
005 20260116085900.0
008 260109s2021 enkao f 001 0 eng d
020 _a9780124096028
_qhardback
040 _aMYCC
_beng
_cMYCC
_dMYCC
_erda
082 0 4 _223
_a155.282
090 0 0 _a155.282
_bMOR
100 1 _aMorris, Ron
_eauthor.
245 0 0 _aForensic Handwriting Identification :
_bFundamental Concepts and Principles /
_cRon Morris
250 _aSecond Edition.
264 1 _aLondon :
_bAcademic Press,
_c2021
264 4 _c©2021
300 _axiv, 306 pages :
_billustrations, photographs ;
_c24 cm
336 _2rdacontent
_atext
337 _2rdamedia
_aunmediated
338 _2rdacarrier
_avolume
500 _aIncludes Index
505 _a1. Physiology of Writing 2. Handwriting Systems 3. Class Characteristics 4. Individuality and Individual Characteristics 5. Characteristics, Qualities, and Features of Writing 6. Relative Speed of Writing and Writing Skill 7. Ratios or Relative Relationships 8. Beginning, Connecting and Ending Strokes 9. Writing Instruments 10. General Observations 11. The Process of Comparison 12. Abnormal/Disguised Writing 13. Obtaining Handwriting Samples 14. Submitting a case to the lab 15. Examiner’s Final Report
650 0 _aGraphology
650 0 _aWriting
_xIdentification
942 _2ddc
_cBK
999 _c645
_d645